| 000 | 00792nas a2200241 4500 | ||
|---|---|---|---|
| 001 | BR2012004533 | ||
| 003 | BR-BrBNA | ||
| 005 | 20231205120740.0 | ||
| 007 | ta | ||
| 008 | 230509b bl.|||p| |||| 00| 00por d | ||
| 040 |
_aBR-BrBNA _bpor _cBiblioteca Nacional de Agricultura |
||
| 041 | _a(Pt) | ||
| 100 | 1 | _aSilva, P. G. da | |
| 245 | 1 | _aMétodos para a coleta de besouros escarabeíneos nos campos nativos no extremo sul do brasil (Coleoptera: Scarabaeidade: Scarabaeinae) | |
| 650 | _aBESOURO | ||
| 650 | _aCOLEOPTERO | ||
| 650 | _aCOLETA | ||
| 650 | _aAMOSTRAGEM | ||
| 650 | _aRIO GRANDE DO SUL | ||
| 773 | 0 |
_tRevista Cientifica Rural (Brazil) _xISSN 1413-8263 _g(Dec 2011), v. 13(2) p. 429-446 _wBR2012004533 |
|
| 909 |
_a202311 _bLúcia _c55 _dLúcia Elande |
||
| 942 |
_2AGRIS _n0 _cANA |
||
| 999 |
_c220106 _d220106 |
||